literacy : Reading writing & children's literature (Record no. 3198)

000 -LEADER
fixed length control field 01246cam a22003734a 4500
001 - CONTROL NUMBER
control field 14239580
003 - CONTROL NUMBER IDENTIFIER
control field OSt
005 - DATE AND TIME OF LATEST TRANSACTION
control field 20160907103904.0
008 - FIXED-LENGTH DATA ELEMENTS--GENERAL INFORMATION
fixed length control field 060124s2007 njua b 000 0 eng
010 ## - LIBRARY OF CONGRESS CONTROL NUMBER
LC control number 2006041966
020 ## - INTERNATIONAL STANDARD BOOK NUMBER
International Standard Book Number 9780195565638
020 ## - INTERNATIONAL STANDARD BOOK NUMBER
International Standard Book Number 9780131745445
035 ## - SYSTEM CONTROL NUMBER
System control number (OCoLC)ocm63390860
040 ## - CATALOGING SOURCE
Original cataloging agency DLC
Transcribing agency DLC
Modifying agency BAKER
-- C#P
-- DLC
042 ## - AUTHENTICATION CODE
Authentication code pcc
050 00 - LIBRARY OF CONGRESS CALL NUMBER
Classification number LB1632.W56 2010
082 00 - DEWEY DECIMAL CLASSIFICATION NUMBER
Classification number 428.4071/2
Edition number 22
100 ## - MAIN ENTRY--PERSONAL NAME
Personal name Winch, Gordon
245 00 - TITLE STATEMENT
Title literacy : Reading writing & children's literature
Statement of responsibility, etc Gordon Winch... [et al.].
250 ## - EDITION STATEMENT
Edition statement 4th ed.
260 ## - PUBLICATION, DISTRIBUTION, ETC. (IMPRINT)
Place of publication, distribution, etc Australia
Name of publisher, distributor, etc Agency Limited
Date of publication, distribution, etc c2010.
300 ## - PHYSICAL DESCRIPTION
Extent xivi, 748p. :
Other physical details ill. ;
Dimensions 28 cm.
440 #0 - SERIES STATEMENT/ADDED ENTRY--TITLE
Title Merrill/Prentice Hall teaching strategies series
504 ## - BIBLIOGRAPHY, ETC. NOTE
Bibliography, etc Includes bibliographical references.
650 #0 - SUBJECT ADDED ENTRY--TOPICAL TERM
Topical term or geographic name as entry element Reading (Secondary)
650 #0 - SUBJECT ADDED ENTRY--TOPICAL TERM
Topical term or geographic name as entry element Content area reading.
700 1# - ADDED ENTRY--PERSONAL NAME
Personal name Johnston, Rosemary Ross
Dates associated with a name 1965-
700 1# - ADDED ENTRY--PERSONAL NAME
Personal name Holliday, Marcelle
700 1# - ADDED ENTRY--PERSONAL NAME
Personal name March, Paul
700 1# - ADDED ENTRY--PERSONAL NAME
Personal name Ljungdahl, Lesley
906 ## - LOCAL DATA ELEMENT F, LDF (RLIN)
a 7
b cbc
c orignew
d 1
e ocip
f 20
g y-gencatlg
942 ## - ADDED ENTRY ELEMENTS (KOHA)
Source of classification or shelving scheme
Koha item type Book
Holdings
Withdrawn status Lost status Source of classification or shelving scheme Damaged status Not for loan Home library Current library Shelving location Date acquired Total Checkouts Full call number Barcode Date last seen Date checked out Copy number Price effective from Koha item type
          Riara University Library Riara University Library General stack 07/09/2016 1 LB1632.W56 2010 7061/16 15/08/2019 31/07/2019 C.1 07/09/2016 Book

Riara University Library,
P.O. Box 49940-00100,
Nairobi, Kenya.